| Tag |
First Indicator |
Second Indicator |
Subfields |
| LEADER |
00000cam a2200000 a 4500 |
| 001 |
in00000069525 |
| 005 |
20151008054459.0 |
| 008 |
810918m1981uuuumduabc 001 0aeng |
| 010 |
|
|
|a 81047593
|
| 020 |
|
|
|a 0801825520 (v. 1)
|
| 035 |
|
|
|a (OCoLC)07836073
|
| 035 |
|
|
|9 AAJ0788AM
|
| 040 |
|
|
|a DLC
|c DLC
|d UtOrBLW
|
| 043 |
|
|
|a n-us---
|
| 049 |
|
|
|a TXAM
|
| 050 |
0 |
0 |
|a E745
|b .M37 1981
|
| 082 |
0 |
0 |
|a 973.918/092/4
|2 19
|
| 100 |
1 |
|
|a Marshall, George C.
|q (George Catlett),
|d 1880-1959.
|
| 245 |
1 |
4 |
|a The papers of George Catlett Marshall /
|c Larry I. Bland, editor ; Sharon R. Ritenour, assistant editor.
|
| 264 |
|
1 |
|a Baltimore :
|b Johns Hopkins University Press,
|c 1981-<1996>
|
| 300 |
|
|
|a volumes <1-4 > :
|b illustrations, maps, portraits ;
|c 24 cm.
|
| 336 |
|
|
|a text
|b txt
|2 rdacontent
|
| 337 |
|
|
|a unmediated
|b n
|2 rdamedia
|
| 338 |
|
|
|a volume
|b nc
|2 rdacarrier
|
| 500 |
|
|
|a Volume 4- : Sharon Ritenour Stevens, associate editor.
|
| 500 |
|
|
|a Includes indexes.
|
| 505 |
1 |
|
|a v. 1. "The soldierly spirit," December 1880-June 1939 -- v. 2. "We cannot delay," July 1, 1939-December 6, 1941 -- v. 3. "The right man for the job," December 7, 1941-May 31, 1943 -- v. 4. "Aggressive and determined leadership," June 1, 1943-December 31, 1944
|
| 600 |
1 |
0 |
|a Marshall, George C.
|q (George Catlett),
|d 1880-1959.
|
| 651 |
|
0 |
|a United States
|x History, Military
|y 20th century
|x Sources.
|
| 650 |
|
0 |
|a Generals
|z United States
|v Correspondence.
|
| 610 |
1 |
0 |
|a United States.
|b Army
|v Biography.
|
| 700 |
1 |
|
|a Bland, Larry I.
|
| 700 |
1 |
|
|a Stevens, Sharon Ritenour.
|
| 999 |
|
|
|a MARS
|
| 999 |
f |
f |
|s 7300f3f8-8443-3e62-9525-4344d8b11db2
|i 0e046c82-d838-381b-bcf6-17d6f339a019
|t 0
|
| 952 |
f |
f |
|p normal
|a Texas A&M University
|b Galveston Campus
|c Jack K. Williams Library
|s galv stk
|d Galveston Stacks
|t 0
|e E745 .M37 1981
|h Library of Congress classification
|i unmediated -- volume
|m 33620000368809
|
| 998 |
f |
f |
|a E745 .M37 1981
|t 0
|l Galveston Stacks
|